Church planting : (Record no. 3258)

MARC details
000 -LEADER
fixed length control field 01089nam a2200313 a 4500
001 - CONTROL NUMBER
control field 1131538
003 - CONTROL NUMBER IDENTIFIER
control field GBCCL
005 - DATE AND TIME OF LATEST TRANSACTION
control field 20241126110451.0
008 - FIXED-LENGTH DATA ELEMENTS--GENERAL INFORMATION
fixed length control field 940415s1986 enkabf b 001 0 eng d
010 ## -
-- 94146515
020 ## - INTERNATIONAL STANDARD BOOK NUMBER
International Standard Book Number 0854790748
035 ## - SYSTEM CONTROL NUMBER
System control number (OCoLC)14819573
040 ## - CATALOGING SOURCE
Original cataloging agency CBGTU
Transcribing agency CBGTU
Modifying agency NcU
-- DLC
042 ## -
-- lccopycat
043 ## -
-- e-uk-en
050 00 -
-- BX5204.W47
-- S45 1986
082 00 - DEWEY DECIMAL CLASSIFICATION NUMBER
Classification number 254.109427
-- 280.4094278
Edition information 20
Item number SEL
100 1# - MAIN ENTRY--PERSONAL NAME
Personal name Sell, Alan P. F.
9 (RLIN) 6701
245 10 - TITLE STATEMENT
Title Church planting :
Remainder of title a study of Westmorland nonconformity /
Statement of responsibility, etc. Alan P.F. Sell.
260 ## - PUBLICATION, DISTRIBUTION, ETC.
Place of publication, distribution, etc. Worthing, West Sussex, England :
Name of publisher, distributor, etc. H.E. Walter,
Date of publication, distribution, etc. 1986.
300 ## - PHYSICAL DESCRIPTION
Extent xiii, 172 p., [1] leaf of plates :
Other physical details ill., map ;
Dimensions 22 cm.
500 ## - GENERAL NOTE
General note Includes indexes.
504 ## - BIBLIOGRAPHY, ETC. NOTE
Bibliography, etc. note Bibliography: p. [147]-155.
650 #0 - SUBJECT ADDED ENTRY--TOPICAL TERM
Topical term or geographic name entry element Dissenters, Religious
Geographic subdivision England
-- Westmorland
General subdivision History.
9 (RLIN) 6702
651 #0 - SUBJECT ADDED ENTRY--GEOGRAPHIC NAME
Geographic name Westmorland (England)
General subdivision Church history.
9 (RLIN) 6703
906 ## - LOCAL DATA ELEMENT F, LDF (RLIN)
a 7
b cbc
c copycat
d 3
e ncip
f 19
g y-gencatlg
942 ## - ADDED ENTRY ELEMENTS (KOHA)
Source of classification or shelving scheme Dewey Decimal Classification
Koha item type Books
Koha issues (borrowed), all copies 8
Holdings
Withdrawn status Lost status Source of classification or shelving scheme Damaged status Not for loan Home library Current Library Shelving location Date acquired Total checkouts Full call number Barcode Date last seen Date last checked out Copy number Price effective from Koha item type
    Dewey Decimal Classification     GRACE BIBLE COLLEGE GRACE BIBLE COLLEGE Ministry & Mission 2017-11-22 8 254.109427 SEL 004725 2025-05-01 2022-03-23 c.1 2017-11-22 Books
© Grace Bible College Library 2025